Windows PowerShell 3.0 First Steps /

Get started with this powerful Windows administration tool Automate Windows administration tasks with ease by learning the fundamentals of Windows PowerShell 3.0. Led by a Windows PowerShell expert, you'll learn must-know concepts and techniques through easy-to-follow explanations, examples, an...

Full description

Bibliographic Details
Main Author: Wilson, Ed (Author)
Corporate Author: Safari, an O'Reilly Media Company
Format: eBook
Language:English
Published: Microsoft Press, 2013.
Edition:1st edition.
Subjects:
Online Access:Connect to this electronic resource

MARC

Tag First Indicator Second Indicator Subfields
LEADER 00000uam a2200000 a 4500
001 in00004232813
005 20260128152549.2
006 m o d
007 cr cn
008 010813s2013 xx o eng
020 |z 9780735680999 
020 |z 9780735681002 
020 |z 0735681007 
020 |z 073568099X 
035 |a (CaSebORM)9780735680999 
040 |d UtOrBLW 
041 0 |a eng 
100 1 |a Wilson, Ed,  |e author.  |0 http://id.loc.gov/authorities/names/no2013104040 
245 1 0 |a Windows PowerShell 3.0 First Steps /  |c Wilson, Ed. 
250 |a 1st edition. 
264 1 |b Microsoft Press,  |c 2013. 
300 |a 1 online resource (280 pages) 
336 |a text  |b txt  |2 rdacontent 
337 |a computer  |b c  |2 rdamedia 
338 |a online resource  |b cr  |2 rdacarrier 
347 |a text file 
520 |a Get started with this powerful Windows administration tool Automate Windows administration tasks with ease by learning the fundamentals of Windows PowerShell 3.0. Led by a Windows PowerShell expert, you'll learn must-know concepts and techniques through easy-to-follow explanations, examples, and exercises. Once you complete this practical introduction, you can go deeper into the Windows PowerShell command line interface and scripting language with Windows PowerShell 3.0 Step by Step . Discover how to: Create effective Windows PowerShell commands with one line of code Apply Windows PowerShell commands across several Windows platforms Identify missing hotfixes and service packs with a single command Sort, group, and filter data using the Windows PowerShell pipeline Create users, groups, and organizational units in Active Directory Add computers to a domain or workgroup with a single line of code Run Windows PowerShell commands on multiple remote computers Unleash the power of scripting with Windows Management Instrumentation (WMI) 
533 |a Electronic reproduction.  |b Boston, MA :  |c Safari,  |n Available via World Wide Web.  |d 2014. 
538 |a Mode of access: World Wide Web. 
542 |f Copyright © 2013 Ed Wilson  |g 2014 
588 |a Online resource; Title from title page (viewed July 15, 2013) 
500 |a Electronic resource. 
655 7 |a Electronic books.  |2 local 
710 2 |a Safari, an O'Reilly Media Company. 
856 4 0 |u https://proxy.library.tamu.edu/login?url=https://go.oreilly.com/TAMU/library/view/-/9780735680999/?ar  |z Connect to this electronic resource  |t 0 
999 f f |s c289e76a-8b9f-3a20-81c2-23ddb841d336  |i 8bfcfc9a-4404-326b-ab27-a670c186fe56  |t 0 
952 f f |a Texas A&M University  |b College Station  |c Electronic Resources  |s www_evans  |d Available Online  |t 0  |h No information provided 
998 f f |t 0  |l Available Online